00278nam a2200109Ia 4500008004100000082001600041100001800057245002800075260003800103300000900141650001800150191201s2019 xx 000 0 und d a615.321 KHP aKHANDELWAL,KR 0aPractical Pharmacognosy bNirali PrakashanaNew Delhic2019 aMISC aPharmacognosy